00466nam a2200193Ia 4500003000400000005001700004008004100021020001800062040000700080041000800087082001700095100003300112245006200145250000600207260002300213300001600236365001400252440000600266OSt20230508101101.0210423s2011 xx 000 0 und d a9780750633727 cAL aeng a530 LANL223 aLANDAU (L D);LIFSHITZ (E M). aCourse of theoretical physics: V5-statistical physics.P1. a3 aUKbElsevierc2011 axvi,544bPB b1195cINR v5